00824nam a22002057a 450000500170000001000230001702000260004003500140006608200140008010000240009424500490011825000060016726000490017327001190022230000250034150000410036694200280040799900190043595201640045420241211121156.0 aDEC24SC ENG-142956 a9789355017239c495.00 aEN-126488 a909.0821 aShukla, Ajay974959 aHistory of the Modern World/cby Ajay Shukla a1 aNew DelhibS Chand and Company Limitedc2023 a A-27, 2nd Floor, Mohan Co-operative Industrial EstatebNew Delhie110044minfo@schandpublishing.comk011-49731800 axiii,394p.c23cm(pb) aFor UPSC Civil Services Examinations 2ddccENh909.08mSHUe1 c207566d207566 001040708NFICaLbLd2024-12-11eDelivery of Books Divisiong495.00l3m3o909.08 SHUpEN-126488r2025-11-13 00:00:00s2025-10-15t1v495.00w2024-12-11yEN